000 00487nam a2200169Ia 4500
999 _c28087
_d28087
003 OSt
005 20210106111911.0
008 190216s9999||||xx |||||||||||||| ||und||
040 _coclc
082 _a894.812301
_bVAL/P
100 _aValsala, P
_96547
245 0 _aPangurupushpathinte Then /
_cP Valsala
260 _bPoorna Publications,
_a Kozhikode:
_c1996.
300 _a159p
650 _aKathakal
942 _cBK
_2ddc
_h894.812301
_iVAL/P
_k894.812301
_mVAL/P